000 00424nam a2200157Ia 4500
008 230719s9999 xx 000 0 und d
041 _aeng
082 _a363.25
_bBRI
100 _aBritz M.T.
_9192441
245 _aComputer Forensics And Cyber Crime
_bAn Introduction
250 _a 2nd ed.
260 _c2009
_bPrentice Hall
300 _a380
_dRef 73 IT (39761)
365 _cRs.
_b197.00
700 _aBritz M.T.
_9192441
999 _c354125
_d354125